书目信息 |
| 题名: |
会计信息系统实验
|
|
| 作者: | 汪刚 , 沈银萱 编著 | |
| 分册: | ||
| 出版信息: | 北京 高等教育出版社 2008.06 |
|
| 页数: | 183页 | |
| 开本: | 26cm | |
| 丛书名: | ||
| 单 册: | ||
| 中图分类: | F232-33 | |
| 科图分类: | ||
| 主题词: | 财务管理软件 | |
| 电子资源: | ||
| ISBN: | 978-7-04-024018-4 | |
| 000 | 00698nam0 2200229 450 | |
| 001 | 0835224251 | |
| 005 | 20081217103300.53 | |
| 010 | @a978-7-04-024018-4@dCNY21.80 | |
| 100 | @a20081216d2008 km y0chiy0120 ea | |
| 101 | 0 | @achi |
| 102 | @aCN@b110000 | |
| 200 | 1 | @a会计信息系统实验@Akuai ji xin xi xi tong shi yan@f汪刚,沈银萱编著@Fwang gang,shen yin xuan bian zhu |
| 205 | @a2版 | |
| 210 | @a北京@c高等教育出版社@d2008.06 | |
| 215 | @a183页@d26cm@e光盘一张 | |
| 300 | @a全国高职高专"十一五"规划教材 | |
| 606 | 0 | @a财务管理软件 |
| 690 | @aF232-33@v4 | |
| 701 | 0 | @a汪刚@Awang gang@4编著 |
| 701 | 0 | @a沈银萱@Ashen yin xuan@4编著 |
| 801 | 0 | @aCN@bNISOFT@c20081217 |
| 905 | @aBZT@dF232-33@e1@f5 | |
| 会计信息系统实验/汪刚,沈银萱编著.-2版.-北京:高等教育出版社,2008.06 |
| 183页;26cm+光盘一张 |
| 全国高职高专"十一五"规划教材 |
| ISBN 978-7-04-024018-4:CNY21.80 |
| ● |
| 相关链接 |
|
|
|
正题名:会计信息系统实验
索取号:F232-33/1
 
预约/预借
| 序号 | 登录号 | 条形码 | 馆藏地/架位号 | 状态 | 备注 |
| 1 | 0691047 | 2000691047 | 样本书库/样008架A面3层2列/ [索取号:F232-33/1] | 在馆 | |
| 2 | 0691048 | 2000691048 | 中心书库北库/ 北库008架B面1列2层6/ [索取号:F232-33/1] | 在馆 | |
| 3 | 0691049 | 2000691049 | 中心书库北库/ 北库008架B面1列2层5/ [索取号:F232-33/1] | 在馆 | |
| 4 | 0691050 | 2000691050 | 中心书库北库/ 北库008架B面1列2层7/ [索取号:F232-33/1] | 在馆 | |
| 5 | 0691051 | 2000691051 | 中心书库北库/ 北库008架B面1列2层4/ [索取号:F232-33/1] | 在馆 |